Best Rappers of the 2010s by picture - Statistics

General Stats
  • This quiz has been taken 655 times
  • The average score is 14 of 20
Answer Stats
Picture Answer % Correct
Drake
100%
Kanye West
99%
Jay Z
94%
Juice WRLD
92%
Lil Wayne
92%
J Cole
91%
Tyler the Creator
91%
Kendrick Lamar
88%
Mac Miller
86%
Lil Uzi Vert
84%
Travis Scott
80%
Future
70%
A$AP Rocky
58%
Kid Cudi
51%
Young Thug
50%
Denzel Curry
48%
Donald Glover
48%
Pusha T
41%
Meek Mill
30%
Joey Bada$$
18%
No matching quizzes found
Score Distribution
Percent of People with Each Score
Percentile by Number Answered
Your Score History
You have not taken this quiz